000 00843cab a2200265 4500
001 ABS59035
008 090401t1998 xxu||||| |||| 00| 0 eng d
035 _a(Sirsi) u87755
041 _aeng
100 _aBlackman, D.
245 _aNew twist to office politics tale
260 _c1998
350 _a0
490 _aPlanning (for the Natural and Built Environment)
_v(1277) 17 July 1998, 8(1)
520 _aDiscusses whether the trend for office-to-flat conversions is declining in attractiveness, as suggested by the House Builders Federation report "House Building in the 21st Century".
650 _aDEMAND
650 _aFLAT CONVERSIONS
650 _aLONDON
650 _aOFFICE PROPERTY
650 _aPLANNING GAIN
650 _aSUPPLY
690 _aPROPERTY-PROPERTY DEVELOPMENT
942 _n0
948 _c31/07/1998
999 _c55369
_d55369